| 000 | 00359nam a2200133Ia 4500 | ||
|---|---|---|---|
| 008 | 150201s1992 xx 000 0 und d | ||
| 082 |
_a617.3 _bT92D |
||
| 100 | _aDOWNIE, P.A. | ||
| 245 | _aCASH,S TB. OF ORTHOPAEDICS AND RHEUMATOLOGY, PHYSIOTHERAPISTS | ||
| 260 |
_bJAYPEE BROTHERS _aDELHI _c1992 |
||
| 300 | _a1-638 | ||
| 650 | _aORTHOPAEDICS | ||
| 942 |
_2ddc _cBK |
||
| 999 |
_c143 _d143 |
||